| 000 | 00516cam a2200205ua 4500 | ||
|---|---|---|---|
| 001 | 6986 | ||
| 008 | 141118n ii |||gr||||Z||||||eng | ||
| 020 | _a9789380261584 | ||
| 040 | _cMAIN | ||
| 041 | _aeng | ||
| 082 | _a320 | ||
| 100 |
_aBaruah, Munin, _eAuthor. |
||
| 245 | 1 |
_aPolitical sociology : _bTheories and concepts / _cBy Munin Baruah . |
|
| 250 | _a1st. | ||
| 260 |
_aGuwahati: _bEBH, _c2012. |
||
| 300 | _avii,179p. | ||
| 653 | _aPolitical culture | ||
| 700 |
_aBorah, Pankaj, _eAuthor. |
||
| 942 | _cBK | ||
| 999 |
_c6127 _d6127 |
||